000 01127nam a2200265 i 4500
001 28130
003 KOSZ 005
005 20191030143734.0
008 960606s1985 pl f |010 0 pol
040 _cBPK
_dKOSZ 005/EG
_dKOSZ 005/HR
_aKOSZ 005
041 _apol
046 _k1985
080 _a621.9
245 0 0 _aVIII Naukowa Szkoła Obróbki Ściernej :
_b1970-1985 : XV lat istnienia w Wyższej Szkole Inżynierskiej w Koszalinie Specjalności: Technologia Maszyn, Koszalin 2-6 wrzesień 1985 /
_cPolska Akademia Nauk. Sekcja Podstaw Technologii Komitetu Budowy Maszyn, Wydział Mechaniczny Wyższej Szkoły Inżynierskiej.
260 _aKoszalin :
_bWydawnictwo WSInż., [
_c[1985].
300 _a 305 s. :
_bil. ;
_c21 cm.
380 _aKsiążki.
388 _a1945-1989
650 4 _aSkrawanie
655 4 _aMateriały konferencyjne
658 _aInżynieria i technika
710 2 _aWydawnictwo Uczelniane (Wyższa Szkoła Inżynierska ; Koszalin)
_4pbl
856 _uhttp://koha.tu.koszalin.pl/cgi-bin/koha/opac-detail.pl?biblionumber=28130
_yKatalog online BPK
942 _cKS
_2UKD
999 _c28130
_d28130